000 01066pam a2200325 a 4500
001 3278456
003 ARRUPE
005 20150518145310.0
008 820805s1983 enk b 001 0 eng
010 _a 82014246
020 _a0192876082 :
_c$13.95 (U.S.)
020 _a0192876074 (pbk.) :
_c$3.95 (U.S.)
040 _aDLC
_cDLC
_dDLC
050 0 0 _aU21
_b.H851
082 0 0 _a355/.02/0924
_219
100 1 _aHoward, Michael,
_d1922-
_911370
245 1 0 _aClausewitz /
_cMichael Howard.
260 _aOxford ;
_aNew York :
_bOxford University Press,
_c1983.
300 _a79 p. ;
_c23 cm.
440 0 _aPast masters
_914869
500 _aErratum slip mounted on p. 73.
500 _aIncludes index.
504 _aBibliography: p. [75]-76.
600 1 0 _aClausewitz, Carl von,
_d1780-1831.
_917855
650 0 _aWar.
_96446
650 0 _aMilitary art and science.
_917856
856 4 1 _3Table of contents only
_uhttp://www.loc.gov/catdir/enhancements/fy0637/82014246-t.html
906 _a7
_bcbc
_corignew
_d1
_eocip
_f19
_gy-gencatlg
942 _2lcc
_cMONOGRAPH
999 _c122850
_d122850